Project cost recording and reporting / (Record no. 121474)
[ view plain ]
| 000 -LEADER | |
|---|---|
| fixed length control field | 02504cam a2200325 i 4500 |
| 001 - CONTROL NUMBER | |
| control field | 21140520 |
| 005 - DATE AND TIME OF LATEST TRANSACTION | |
| control field | 20230425150201.0 |
| 008 - FIXED-LENGTH DATA ELEMENTS--GENERAL INFORMATION | |
| fixed length control field | 230425s2020 enka b 001 0 eng |
| 020 ## - INTERNATIONAL STANDARD BOOK NUMBER | |
| ISBN | 9781409450993 |
| Qualifying information | (hardback) |
| 020 ## - INTERNATIONAL STANDARD BOOK NUMBER | |
| Cancelled/invalid ISBN | 9781003001553 |
| Qualifying information | (ebook) |
| 041 ## - LANGUAGE CODE | |
| Language code of text/sound track or separate title | eng |
| 082 00 - DEWEY DECIMAL CLASSIFICATION NUMBER | |
| Classification number | 658.4 |
| 100 1# - MAIN ENTRY--PERSONAL NAME | |
| Personal author | Nalewaik, Alexia, |
| Relator term | author. |
| 245 10 - TITLE STATEMENT | |
| Title | Project cost recording and reporting / |
| Statement of responsibility, etc | Alexia Nalewaik. |
| 264 #1 - PRODUCTION, PUBLICATION, DISTRIBUTION, MANUFACTURE, AND COPYRIGHT NOTICE | |
| Place of production, publication, distribution, manufacture | London ; |
| -- | New York : |
| Name of producer, publisher, distributor, manufacturer | Routledge, Taylor & Francis Group, |
| Date of production, publication, distribution, manufacture, or copyright notice | 2020. |
| 300 ## - PHYSICAL DESCRIPTION | |
| Physical description | xiii, 112 pages : |
| Other physical details | illustrations ; |
| Dimensions | 23 cm |
| 504 ## - BIBLIOGRAPHY, ETC. NOTE | |
| Bibliography, etc | Includes bibliographical references and index. |
| 520 ## - ABSTRACT | |
| Abstract | "Communication is a vital part of project management, and reports are one of the preferred vehicles for transmitting information to an intended internal or external audience. Reports are also part of the system of control and governance on projects, used to bring attention to issues and prompt action to improve project outcomes. There are countless ways of combining project information for consumption by stakeholders. This book discusses the purpose of project reports, and provides examples of the format, content, timing, and audience for various types. Using principles of stakeholders and risk management, it presents a rationale for communication plans, enabling appropriate reporting at the project, program, and portfolio level. The author also: presents tangible experience and suggestions for developing project reports, discusses project reports in context, as applicable to types of stakeholders and the project lifecycle, identifies sources and types of data required for adequate reporting, offers examples of report formats, graphics, and content, and reflects on typical challenges encountered with project reporting. It is essential reading for practitioners and students of project management, cost control and accountancy"-- |
| Assigning source | Provided by publisher. |
| 650 #0 - KEYWORDS | |
| Keywords | Project management. |
| 650 #0 - KEYWORDS | |
| Keywords | Business report writing. |
| 650 #0 - KEYWORDS | |
| Keywords | Budget process. |
| 651 ## - SUBJECT ADDED ENTRY--GEOGRAPHIC NAME | |
| Geographic name | United Kingdom |
| 942 ## - ADDED ENTRY ELEMENTS (KOHA) | |
| Suppress in OPAC | Do not suppress in OPAC |
| 336 ## - CONTENT TYPE | |
| Content type term | text |
| Content type code | txt |
| Source | rdacontent |
| 337 ## - MEDIA TYPE | |
| Media type term | unmediated |
| Media type code | n |
| Source | rdamedia |
| 338 ## - CARRIER TYPE | |
| Carrier type term | volume |
| Carrier type code | nc |
| Source | rdacarrier |
| 776 08 - ADDITIONAL PHYSICAL FORM ENTRY | |
| Display text | Online version: |
| Main entry heading | Nalewaik, Alexia, 1968- |
| Title | Project cost recording and reporting. |
| Place, publisher, and date of publication | Milton Park, Abingdon, Oxon ; New York, NY : Routledge, 2020. |
| International Standard Book Number | 9781003001553 |
| Record control number | (DLC) 2019036491 |
| 906 ## - LOCAL DATA ELEMENT F, LDF (RLIN) | |
| a | 7 |
| b | cbc |
| c | orignew |
| d | 1 |
| e | ecip |
| f | 20 |
| g | y-gencatlg |
No items available.